[Event "FRA-ch U20 Girls"]
[Site "Montlucon"]
[Date "2011.04.22"]
[Round "6"]
[White "Durot, Edwige"]
[Black "Dubois, Emmanuelle"]
[Result "0-1"]
[WhiteElo "1707"]
[BlackElo "1786"]
[PlyCount "52"]
[EventDate "2011.04.17"]
[EventType "swiss"]
[EventRounds "9"]
[EventCountry "FRA"]
[SourceTitle "CBM 142 Extra"]
[Source "ChessBase"]
[SourceDate "2011.06.27"]
[SourceVersion "1"]
[SourceVersionDate "2011.06.27"]
[SourceQuality "1"]

1. e4 d5 2. exd5 Qxd5 3. Nc3 Qd6 4. d4 Nf6 5. Nf3 a6 6. h3 Bf5 7. Bc4 e6 8. Bb3 Nc6 9. a3 0-0-0 10. Be3 Be7 11. Qe2 Nd5 12. Nxd5 exd5 13. 0-0-0 Rhe8 14. c3 Bf6 15. Bc2 Bg6 16. Bxg6 hxg6 17. Qc2 Na5 18. Kb1 Qb6 19. Rhe1 Nc4 20. Ka2 Nxe3 21. Rxe3 Rxe3 22. fxe3 Re8 23. Re1 Qe6 24. Qd3 g5 25. Nd2 g6 26. e4 dxe4+ 0-1

[Event "FRA-ch U20 Girls"]
[Site "Montlucon"]
[Date "2011.04.20"]
[Round "4"]
[White "Durot, Edwige"]
[Black "Forestier, Carole"]
[Result "0-1"]
[WhiteElo "1707"]
[BlackElo "2087"]
[PlyCount "48"]
[EventDate "2011.04.17"]
[EventType "swiss"]
[EventRounds "9"]
[EventCountry "FRA"]
[SourceTitle "CBM 142 Extra"]
[Source "ChessBase"]
[SourceDate "2011.06.27"]
[SourceVersion "1"]
[SourceVersionDate "2011.06.27"]
[SourceQuality "1"]

1. e4 e6 2. d4 d5 3. Nc3 Nf6 4. e5 Nfd7 5. f4 c5 6. Nf3 Nc6 7. Be3 a6 8. a4 Qb6 9. Rb1 cxd4 10. Nxd4 Bc5 11. Nce2 f6 12. exf6 Nxf6 13. c3 Ne4 14. g3 e5 15. fxe5 Nxe5 16. Bg2 0-0 17. Rf1 Bg4 18. Qc2 Rxf1+ 19. Kxf1 Nc4 20. Bf4 Rf8 21. Ke1 Re8 22. Bxe4 Rxe4 23. Kf1 Rxf4+ 24. Nxf4 Ne3+ 0-1

[Event "FRA-ch U18 Girls"]
[Site "Troyes"]
[Date "2010.04.15"]
[Round "6"]
[White "Durot, Edwige"]
[Black "Lepenant, Maissane"]
[Result "1-0"]
[WhiteElo "1745"]
[BlackElo "1580"]
[PlyCount "73"]
[EventDate "2010.04.11"]
[EventType "swiss"]
[EventRounds "9"]
[EventCountry "FRA"]
[SourceTitle "EXT 2012"]
[Source "ChessBase"]
[SourceDate "2011.11.24"]
[SourceVersion "1"]
[SourceVersionDate "2011.11.24"]
[SourceQuality "1"]

1. e4 d6 2. d4 Nf6 3. Nc3 g6 4. f4 Bg7 5. Nf3 Na6 6. Be3 0-0 7. h3 c5 8. Bxa6 bxa6 9. dxc5 Qa5 10. Qd2 dxc5 11. 0-0 Rb8 12. Rab1 Bb7 13. e5 Rfd8 14. Qe1 Ne4 15. Nxe4 Qxe1 16. Nxe1 Bxe4 17. Bxc5 Rd2 18. Rf2 Rxf2 19. Kxf2 Bxc2 20. Nxc2 Rc8 21. Bxe7 Rxc2+ 22. Kf3 Rc6 23. Rd1 f6 24. exf6 Bxf6 25. Bxf6 Rxf6 26. Rd8+ Kg7 27. Rd7+ Rf7 28. Rxf7+ Kxf7 29. Ke4 Ke6 30. g4 h5 31. gxh5 gxh5 32. f5+ Kf6 33. Kf4 a5 34. b3 a6 35. h4 a4 36. bxa4 a5 37. a3 1-0

[Event "La Fere op 8th"]
[Site "La Fere"]
[Date "2009.07.11"]
[Round "9"]
[White "Pruvost, Alain"]
[Black "Durot, Edwige"]
[Result "1/2-1/2"]
[WhiteElo "1602"]
[BlackElo "1741"]
[PlyCount "95"]
[EventDate "2009.07.04"]
[EventType "swiss"]
[EventRounds "9"]
[EventCountry "FRA"]
[SourceTitle "CBM 131 Extra"]
[Source "ChessBase"]
[SourceDate "2009.09.03"]
[SourceVersion "2"]
[SourceVersionDate "2009.09.16"]
[SourceQuality "1"]

1. b4 b6 2. Bb2 Bb7 3. c4 Nc6 4. b5 Na5 5. e3 e6 6. Nf3 Nf6 7. Bc3 c6 8. Bxa5 bxa5 9. a4 Bb4 10. Be2 a6 11. bxc6 Bxc6 12. 0-0 d6 13. Nd4 Bd7 14. Bf3 Rc8 15. Bb7 Rxc4 16. Bxa6 Rc5 17. Bb5 0-0 18. Bxd7 Qxd7 19. Nc2 Rfc8 20. Nxb4 axb4 21. Qb3 Qc7 22. d4 Rc1 23. Nd2 Rxf1+ 24. Rxf1 Qc3 25. Qa2 Qa3 26. Qxa3 bxa3 27. Ra1 Rc3 28. Kf1 Nd5 29. Nb1 Rc1+ 30. Ke2 Nb4 31. Rxa3 Rxb1 32. a5 Rb2+ 33. Kf3 g6 34. a6 Nxa6 35. Rxa6 d5 36. h4 Kg7 37. g3 Kf6 38. Ra7 Rc2 39. Rb7 h6 40. Ra7 g5 41. hxg5+ hxg5 42. g4 Kg6 43. Ra6 Kg7 44. Ra7 Kf6 45. Ra6 Ke7 46. Ra7+ Kf6 47. Ra6 Kg7 48. Ra7 1/2-1/2

[Event "La Fere op 8th"]
[Site "La Fere"]
[Date "2009.07.09"]
[Round "7"]
[White "Feryn, Alexandre"]
[Black "Durot, Edwige"]
[Result "1-0"]
[WhiteElo "1994"]
[BlackElo "1741"]
[PlyCount "73"]
[EventDate "2009.07.04"]
[EventType "swiss"]
[EventRounds "9"]
[EventCountry "FRA"]
[SourceTitle "CBM 131 Extra"]
[Source "ChessBase"]
[SourceDate "2009.09.03"]
[SourceVersion "2"]
[SourceVersionDate "2009.09.16"]
[SourceQuality "1"]

1. e4 c5 2. Nf3 e6 3. d4 cxd4 4. Nxd4 a6 5. Bd3 Nc6 6. Nxc6 dxc6 7. 0-0 e5 8. Nd2 Nf6 9. Nc4 Qc7 10. Bd2 Bc5 11. Ba5 b6 12. Bc3 Bd4 13. Bxd4 exd4 14. e5 Ng4 15. h3 Nh6 16. Nd6+ Kf8 17. f4 g6 18. Be4 Nf5 19. Bxf5 Bxf5 20. Nxf5 gxf5 21. Qxd4 Rd8 22. Qf2 Rg8 23. Rad1 c5 24. Qh4 Rd7 25. Qh6+ Rg7 26. Rxd7 Qxd7 27. Qxb6 Qd5 28. Qb8+ Ke7 29. Qc7+ Ke8 30. Qc8+ Ke7 31. Rf2 Qd1+ 32. Kh2 Qd4 33. Qb7+ Ke8 34. Qc6+ Ke7 35. Qf6+ Kf8 36. c3 Qd5 37. Qxa6 1-0

[Event "La Fere op 8th"]
[Site "La Fere"]
[Date "2009.07.08"]
[Round "6"]
[White "Husson, Cybele"]
[Black "Durot, Edwige"]
[Result "1-0"]
[WhiteElo "2037"]
[BlackElo "1741"]
[PlyCount "65"]
[EventDate "2009.07.04"]
[EventType "swiss"]
[EventRounds "9"]
[EventCountry "FRA"]
[SourceTitle "CBM 131 Extra"]
[Source "ChessBase"]
[SourceDate "2009.09.03"]
[SourceVersion "2"]
[SourceVersionDate "2009.09.16"]
[SourceQuality "1"]

1. e4 c5 2. Nc3 a6 3. g3 b5 4. Bg2 Bb7 5. d3 e6 6. Qe2 Ne7 7. Nf3 d6 8. 0-0 g6 9. Nd1 Bg7 10. Bd2 Qb6 11. Bc3 0-0 12. Bxg7 Kxg7 13. h4 h5 14. Ng5 Nd7 15. Kh2 Ne5 16. Ne3 Rae8 17. f4 Nd7 18. Qd2 Nc6 19. f5 Nce5 20. fxe6 fxe6 21. Bh3 Rxf1 22. Rxf1 Nf8 23. c3 Bc8 24. d4 cxd4 25. cxd4 Nc4 26. Nxc4 bxc4 27. Rf7+ Kg8 28. Qf2 Qd8 29. d5 Bd7 30. Qa7 Qb8 31. Rxd7 Qxb2+ 32. Bg2 Nxd7 33. Qxd7 1-0

[Event "La Fere op 8th"]
[Site "La Fere"]
[Date "2009.07.06"]
[Round "3"]
[White "Delorme, Laurie"]
[Black "Durot, Edwige"]
[Result "1-0"]
[WhiteElo "2152"]
[BlackElo "1741"]
[PlyCount "49"]
[EventDate "2009.07.04"]
[EventType "swiss"]
[EventRounds "9"]
[EventCountry "FRA"]
[SourceTitle "CBM 131 Extra"]
[Source "ChessBase"]
[SourceDate "2009.09.03"]
[SourceVersion "2"]
[SourceVersionDate "2009.09.16"]
[SourceQuality "1"]

1. d4 d5 2. c4 c6 3. Nf3 Nf6 4. Nc3 dxc4 5. e4 b5 6. e5 Nd5 7. a4 Nxc3 8. bxc3 Bg4 9. axb5 cxb5 10. h3 Bh5 11. e6 fxe6 12. Be2 Qd5 13. 0-0 Nc6 14. Ng5 Bxe2 15. Qxe2 Nd8 16. Re1 Kd7 17. Ra6 g6 18. Nxe6 Nxe6 19. Rxe6 Re8 20. Re5 Qc6 21. Rc5 Qb6 22. Qe5 Rg8 23. Rxb5 Bg7 24. Qd5+ Qd6 25. Qb7+ 1-0

[Event "FRA-ch U18 Girls"]
[Site "Aix les Bains"]
[Date "2009.04.20"]
[Round "3"]
[White "Durot, Edwige"]
[Black "Jolly, Marie"]
[Result "1/2-1/2"]
[WhiteElo "1764"]
[BlackElo "1738"]
[PlyCount "96"]
[EventDate "2009.04.19"]
[EventType "swiss"]
[EventRounds "9"]
[EventCountry "FRA"]
[SourceTitle "CBM 130 Extra"]
[Source "ChessBase"]
[SourceDate "2009.07.02"]
[SourceVersion "2"]
[SourceVersionDate "2009.07.15"]
[SourceQuality "1"]

1. e4 e6 2. d4 d5 3. Nd2 Nf6 4. e5 Nfd7 5. Bd3 c5 6. c3 Nc6 7. Ne2 Qb6 8. Nf3 cxd4 9. cxd4 Be7 10. 0-0 0-0 11. Qc2 g6 12. a3 a5 13. Bh6 Re8 14. g4 Bf8 15. g5 Bg7 16. h4 Nf8 17. Qd2 Ne7 18. Ng3 Nf5 19. Bxf5 exf5 20. Bxg7 Kxg7 21. b4 Bd7 22. Rfc1 axb4 23. axb4 Ra4 24. Rxa4 Bxa4 25. Qc3 Ne6 26. Ra1 Bb5 27. Ra5 Nc7 28. Qc5 Qxc5 29. bxc5 Bc6 30. Ne2 h6 31. Nc3 Rh8 32. gxh6+ Rxh6 33. Kg2 Kf8 34. Ra1 Ke7 35. Rh1 Ne6 36. Rd1 Rh8 37. Ng5 Rxh4 38. Nxe6 fxe6 39. Kg3 g5 40. f3 Kd7 41. Kg2 Kc7 42. Rd2 Be8 43. Ne2 Bb5 44. Nc3 Bc4 45. Na4 g4 46. fxg4 Rxg4+ 47. Kf3 Kc6 48. Nb6 Kc7 1/2-1/2

[Event "FRA-ch U18 Girls"]
[Site "Aix les Bains"]
[Date "2009.04.19"]
[Round "1"]
[White "Durot, Edwige"]
[Black "Richard, Emma"]
[Result "0-1"]
[WhiteElo "1764"]
[BlackElo "2070"]
[PlyCount "62"]
[EventDate "2009.04.19"]
[EventType "swiss"]
[EventRounds "9"]
[EventCountry "FRA"]
[SourceTitle "CBM 130 Extra"]
[Source "ChessBase"]
[SourceDate "2009.07.02"]
[SourceVersion "2"]
[SourceVersionDate "2009.07.15"]
[SourceQuality "1"]

1. e4 c5 2. Nf3 Nc6 3. Bb5 d6 4. 0-0 Bd7 5. Re1 a6 6. Bxc6 Bxc6 7. a4 e6 8. d4 cxd4 9. Nxd4 Nf6 10. Nc3 Be7 11. Kh1 e5 12. Nf5 g6 13. Nxe7 Qxe7 14. f3 Nh5 15. Nd5 Bxd5 16. Qxd5 0-0 17. b3 Rfd8 18. Ba3 Qc7 19. c4 Qb6 20. c5 dxc5 21. Bxc5 Qc7 22. Qc4 Rac8 23. Rac1 Qa5 24. Qb4 Qxb4 25. Bxb4 Rxc1 26. Rxc1 Nf4 27. h3 Nd3 28. Rc4 b5 29. axb5 axb5 30. Ba5 bxc4 31. Bxd8 cxb3 0-1

[Event "La Fere op 6th"]
[Site "La Fere"]
[Date "2007.07.13"]
[Round "9"]
[White "Durot, Edwige"]
[Black "Wolfangel, Claude"]
[Result "1/2-1/2"]
[WhiteElo "1441"]
[BlackElo "1820"]
[PlyCount "70"]
[EventDate "2007.07.07"]
[EventType "swiss"]
[EventRounds "9"]
[EventCountry "FRA"]
[SourceTitle "CBM 119 Extra"]
[Source "ChessBase"]
[SourceDate "2007.09.04"]
[SourceVersion "1"]
[SourceVersionDate "2007.09.04"]
[SourceQuality "1"]

1. e4 d5 2. exd5 Nf6 3. d4 Nxd5 4. Nf3 g6 5. Bc4 Bg7 6. c3 0-0 7. 0-0 Nc6 8. Be3 e5 9. Bxd5 Qxd5 10. dxe5 Qxd1 11. Rxd1 Bg4 12. Nbd2 Nxe5 13. h3 Nxf3+ 14. Nxf3 Bxf3 15. gxf3 Rfd8 16. Kf1 b6 17. Rxd8+ Rxd8 18. Ke2 h5 19. Rd1 Rxd1 20. Kxd1 Be5 21. Kd2 Kg7 22. Kd3 Kf6 23. Ke4 Ke6 24. Bf4 Bxf4 25. Kxf4 f6 26. Ke4 a5 27. f4 f5+ 28. Kd4 h4 29. f3 Kd6 30. a4 c6 31. Kc4 Ke6 32. b3 Kd6 33. Kd4 b5 34. c4 c5+ 35. Kd3 b4 1/2-1/2

[Event "La Fere op 6th"]
[Site "La Fere"]
[Date "2007.07.11"]
[Round "7"]
[White "Durot, Edwige"]
[Black "Delorme, Laurie"]
[Result "0-1"]
[WhiteElo "1441"]
[BlackElo "2040"]
[PlyCount "66"]
[EventDate "2007.07.07"]
[EventType "swiss"]
[EventRounds "9"]
[EventCountry "FRA"]
[SourceTitle "CBM 119 Extra"]
[Source "ChessBase"]
[SourceDate "2007.09.04"]
[SourceVersion "1"]
[SourceVersionDate "2007.09.04"]
[SourceQuality "1"]

1. e4 e5 2. Nc3 Nf6 3. Bc4 Nc6 4. d3 Bc5 5. f4 d6 6. f5 Na5 7. Bb3 Nxb3 8. axb3 d5 9. Bg5 c6 10. Nf3 Qd6 11. Na4 Bb4+ 12. c3 Ba5 13. b4 Bc7 14. Qc2 Nd7 15. Be3 b6 16. d4 0-0 17. 0-0 f6 18. Rad1 Bb7 19. g3 exd4 20. Nxd4 Ba6 21. Bf4 Ne5 22. Ne6 Bxf1 23. Nxf8 Bh3 24. Ne6 g5 25. Nxc7 Qxc7 26. Bxe5 Qxe5 27. exd5 Bxf5 28. Qb3 cxd5 29. Rxd5 Qe1+ 30. Kg2 Be4+ 31. Kh3 Qf1+ 32. Kg4 Qf3+ 33. Kh3 Qh5# 0-1

[Event "La Fere op 6th"]
[Site "La Fere"]
[Date "2007.07.11"]
[Round "6"]
[White "Riff, Jean Noel"]
[Black "Durot, Edwige"]
[Result "1-0"]
[WhiteElo "2460"]
[BlackElo "1441"]
[PlyCount "41"]
[EventDate "2007.07.07"]
[EventType "swiss"]
[EventRounds "9"]
[EventCountry "FRA"]
[SourceTitle "CBM 119 Extra"]
[Source "ChessBase"]
[SourceDate "2007.09.04"]
[SourceVersion "1"]
[SourceVersionDate "2007.09.04"]
[SourceQuality "1"]

1. e4 c5 2. Nc3 a6 3. Nf3 e6 4. d4 cxd4 5. Nxd4 Qc7 6. Be2 b5 7. 0-0 Nc6 8. Nxc6 dxc6 9. f4 Nf6 10. Be3 Be7 11. e5 Nd5 12. Nxd5 cxd5 13. Bd3 Bc5 14. Bxc5 Qxc5+ 15. Kh1 Bd7 16. Qe2 0-0 17. Qh5 g6 18. Qg5 Qc8 19. Rf3 Qd8 20. Qh6 f6 21. Bxg6 1-0

[Event "FRA-ch U16 Girls"]
[Site "Le Grand Bornand"]
[Date "2007.04.??"]
[Round "7"]
[White "Armas, Lara Maria"]
[Black "Durot, Edwige"]
[Result "1-0"]
[WhiteElo "1819"]
[BlackElo "1560"]
[PlyCount "83"]
[EventDate "2007.04.07"]
[EventType "swiss"]
[EventRounds "9"]
[EventCountry "FRA"]
[SourceTitle "CBM 118 Extra"]
[Source "ChessBase"]
[SourceDate "2007.07.04"]
[SourceVersion "1"]
[SourceVersionDate "2007.07.04"]
[SourceQuality "1"]

1. d4 d5 2. c4 c6 3. Nc3 e5 4. e3 dxc4 5. Bxc4 exd4 6. exd4 Nf6 7. Nge2 Be7 8. 0-0 0-0 9. Qd3 Nbd7 10. Bg5 Qc7 11. Rac1 Ng4 12. Bf4 Bd6 13. Nb5 Qd8 14. Nxd6 Ngf6 15. Bb3 Nb6 16. Nxc8 Rxc8 17. Bg5 h6 18. Bh4 Qd6 19. Bc2 Rfe8 20. Rfe1 Nbd7 21. Bxf6 Nxf6 22. Ng3 Kf8 23. Re3 Rxe3 24. fxe3 Re8 25. Re1 Qb4 26. Qa3 Qxa3 27. bxa3 Nd5 28. Kf2 Nc3 29. Bb3 Ne4+ 30. Nxe4 Rxe4 31. Kf3 Re8 32. e4 Re7 33. Rd1 Ke8 34. d5 cxd5 35. exd5 Re5 36. d6 f6 37. d7+ Kd8 38. Bf7 Re7 39. Be8 b6 40. Rc1 Rxd7 41. Bxd7 Kxd7 42. Kf4 1-0

[Event "FRA-ch U16 Girls"]
[Site "Le Grand Bornand"]
[Date "2007.04.??"]
[Round "4"]
[White "Durot, Edwige"]
[Black "Muller, Marion"]
[Result "0-1"]
[WhiteElo "1560"]
[BlackElo "1757"]
[PlyCount "58"]
[EventDate "2007.04.07"]
[EventType "swiss"]
[EventRounds "9"]
[EventCountry "FRA"]
[SourceTitle "CBM 118 Extra"]
[Source "ChessBase"]
[SourceDate "2007.07.04"]
[SourceVersion "1"]
[SourceVersionDate "2007.07.04"]
[SourceQuality "1"]

1. e4 c6 2. d4 d5 3. Nd2 dxe4 4. Nxe4 Bf5 5. Ng3 Bg6 6. h4 h6 7. Nf3 Nd7 8. Bd3 Bxd3 9. Qxd3 Qc7 10. Be3 e6 11. c3 Ngf6 12. 0-0 Bd6 13. Ne4 Nxe4 14. Qxe4 Nf6 15. Qc2 g5 16. hxg5 hxg5 17. Bxg5 Bh2+ 18. Kh1 Bf4+ 19. Kg1 Bxg5 20. g3 Bh6 21. Kg2 0-0-0 22. Ne5 Bg7 23. Rh1 Nd5 24. Qa4 Bxe5 25. dxe5 Qxe5 26. Qxa7 Qe4+ 27. f3 Qe2+ 28. Kg1 Rxh1+ 29. Kxh1 Qxf3+ 0-1

[Event "FRA-ch U16 Girls"]
[Site "Le Grand Bornand"]
[Date "2007.04.??"]
[Round "3"]
[White "Jolly, Marie"]
[Black "Durot, Edwige"]
[Result "0-1"]
[WhiteElo "1720"]
[BlackElo "1560"]
[PlyCount "124"]
[EventDate "2007.04.07"]
[EventType "swiss"]
[EventRounds "9"]
[EventCountry "FRA"]
[SourceTitle "CBM 118 Extra"]
[Source "ChessBase"]
[SourceDate "2007.07.04"]
[SourceVersion "1"]
[SourceVersionDate "2007.07.04"]
[SourceQuality "1"]

1. d4 d5 2. c4 c6 3. Nc3 Nf6 4. Bg5 e6 5. e3 Be7 6. Qc2 Nbd7 7. Nf3 Qc7 8. Bd3 h6 9. Bh4 b6 10. 0-0 Bb7 11. a3 c5 12. cxd5 Bxd5 13. Nxd5 Nxd5 14. Bg3 Bd6 15. Bxd6 Qxd6 16. dxc5 Qxc5 17. Rac1 Qxc2 18. Rxc2 0-0 19. Rfc1 Nc5 20. Bc4 Rfd8 21. b4 Ne4 22. g3 Rac8 23. Nd4 a5 24. bxa5 bxa5 25. a4 Nb6 26. Bb5 Rxc2 27. Rxc2 Rc8 28. Rxc8+ Nxc8 29. Nc6 Nc3 30. Nxa5 Nxb5 31. axb5 Kf8 32. Nc4 Ke7 33. Kf1 Kd7 34. Ke2 Nd6 35. Kd3 Nxb5 36. Ne5+ Ke7 37. Kc4 Nd6+ 38. Kd4 Nb5+ 39. Kc5 Nc3 40. f3 Nd5 41. Kd4 Nb4 42. f4 Nc2+ 43. Ke4 Nb4 44. g4 Nd5 45. h4 Nf6+ 46. Kf3 Nd7 47. Nxd7 Kxd7 48. Ke4 Ke7 49. g5 h5 50. f5 f6 51. Kf4 e5+ 52. Kg3 Kd6 53. g6 Kd5 54. Kf3 Kd6 55. Kg3 Kc5 56. Kf2 Kc4 57. Ke2 Kc3 58. Kf3 Kd3 59. Kf2 e4 60. Kf1 Kxe3 61. Ke1 Kf3 62. Kf1 e3 0-1

[Event "France-ch U12 Girls"]
[Site "Reims"]
[Date "2004.04.24"]
[Round "8"]
[White "Yu, Liwen"]
[Black "Durot, Edwige"]
[Result "0-1"]
[WhiteElo "1570"]
[BlackElo "1500"]
[PlyCount "100"]
[EventDate "2004.04.??"]
[EventType "swiss"]
[EventRounds "9"]
[EventCountry "FRA"]
[SourceTitle "EXT 2005"]
[Source "ChessBase"]
[SourceDate "2004.11.15"]
[SourceVersion "1"]
[SourceVersionDate "2004.11.15"]
[SourceQuality "1"]

1. e4 e5 2. Nf3 Nc6 3. Bc4 Bc5 4. c3 Nf6 5. 0-0 d5 6. exd5 Nxd5 7. h3 0-0 8. d4 exd4 9. cxd4 Bb6 10. Re1 Bf5 11. Nc3 Nxc3 12. bxc3 Ba5 13. Bb2 Qd7 14. Ne5 Nxe5 15. Rxe5 Bb6 16. Rd5 Qc8 17. Bb3 Re8 18. Qh5 Be6 19. Rg5 f6 20. Rg3 Bxb3 21. axb3 Qd7 22. d5 Qf7 23. Qxf7+ Kxf7 24. c4 Re2 25. Rb1 Bxf2+ 26. Kf1 Bxg3 27. Kxe2 Re8+ 28. Kf3 Be5 29. Bxe5 Rxe5 30. g4 g5 31. Rd1 Ke7 32. b4 b6 33. b5 Kd6 34. Ra1 Kc5 35. Rxa7 Kxc4 36. Rxc7+ Kxd5 37. Rxh7 Kc5 38. Rf7 Re6 39. Kg3 Kxb5 40. h4 gxh4+ 41. Kxh4 Kc4 42. Rc7+ Kb4 43. g5 fxg5+ 44. Kxg5 Re5+ 45. Kf4 Rc5 46. Rxc5 bxc5 47. Ke4 Kc3 48. Kd5 c4 49. Ke4 Kd2 50. Kd4 c3 0-1

[Event "France-ch U12 Girls"]
[Site "Reims"]
[Date "2004.04.21"]
[Round "5"]
[White "Durot, Edwige"]
[Black "Le Bail, Arielle"]
[Result "0-1"]
[WhiteElo "1500"]
[BlackElo "1670"]
[PlyCount "96"]
[EventDate "2004.04.??"]
[EventType "swiss"]
[EventRounds "9"]
[EventCountry "FRA"]
[SourceTitle "EXT 2005"]
[Source "ChessBase"]
[SourceDate "2004.11.15"]
[SourceVersion "1"]
[SourceVersionDate "2004.11.15"]
[SourceQuality "1"]

1. e4 c5 2. Nf3 Nc6 3. d4 cxd4 4. Nxd4 Nf6 5. Nc3 e5 6. Ndb5 d6 7. Bg5 a6 8. Na3 b5 9. Nd5 Be7 10. Bxf6 Bxf6 11. c3 0-0 12. Nc2 Bg5 13. a4 bxa4 14. Rxa4 a5 15. Bb5 Ne7 16. Ncb4 Bb7 17. Nxe7+ Qxe7 18. Nd5 Bxd5 19. Qxd5 Qc7 20. Qc6 Qxc6 21. Bxc6 Rab8 22. Rxa5 Rxb2 23. 0-0 Bd2 24. Rfa1 Bxc3 25. Ra8 Rb6 26. Rxf8+ Kxf8 27. Rc1 Rxc6 28. Kf1 Rc7 29. Ke2 Ba5 30. Ra1 Bb6 31. Ra8+ Ke7 32. Ra2 Ke6 33. g3 f5 34. f3 Rc3 35. exf5+ Kxf5 36. f4 exf4 37. gxf4 Re3+ 38. Kd2 Kxf4 39. Ra4+ Re4 40. Ra6 Bc5 41. Ra8 Kf3 42. Rf8+ Rf4 43. Rh8 Rh4 44. Rf8+ Kg2 45. Rg8 g6 46. Re8 Rxh2 47. Re2+ Kg3 48. Rxh2 Kxh2 0-1